[Event "Roquetas de Mar op 26th"]
[Site "Roquetas de Mar"]
[Date "2015.01.04"]
[Round "4"]
[White "Lopez Martinez, Josep Manuel"]
[Black "Cuenca Jimenez, Jose Fernando"]
[Result "1/2-1/2"]
[WhiteElo "2538"]
[BlackElo "2483"]
[PlyCount "114"]
[EventDate "2015.01.02"]
[EventType "swiss"]
[EventRounds "9"]
[EventCountry "ESP"]
[SourceTitle "CBM 164 Extra"]
[Source "ChessBase"]
[SourceDate "2015.03.02"]
[SourceVersion "1"]
[SourceVersionDate "2015.03.02"]
[SourceQuality "1"]

1. d4 Nf6 2. c4 g6 3. Nc3 Bg7 4. e4 d6 5. Nf3 O-O 6. h3 e5 7. d5 Nh5 8. g3 Na6
9. Nh2 Nc5 10. Be3 a5 11. Bg2 b6 12. O-O Qe8 13. Nb5 Na6 14. Nf3 Bd7 15. Re1
Bxb5 16. cxb5 Qxb5 17. b3 Nf6 18. Nd2 Nc5 19. a3 Rfc8 20. Rb1 Qd7 21. Qe2 c6
22. Nc4 Rcb8 23. Bxc5 bxc5 24. dxc6 Qxc6 25. a4 Rb4 26. Red1 Ne8 27. h4 Qa6 28.
h5 Rab8 29. hxg6 hxg6 30. Qc2 Bf8 31. Bf1 Qa8 32. Be2 Nf6 33. Bf3 Nh7 34. Ne3
Ng5 35. Bg2 Ne6 36. Rd3 Nd4 37. Qd1 Qb7 38. Nd5 Rxa4 39. Qg4 Bg7 40. Rdd1 Ra3
41. Bf1 Rxb3 42. Ra1 Kf8 43. Rxa5 Qc8 44. Qxc8+ Rxc8 45. Ra6 Rb7 46. Bc4 Rd8
47. Rda1 Nf3+ 48. Kg2 Nd2 49. Rxd6 Rdb8 50. Bd3 c4 51. Bc2 Bh6 52. Rda6 Nb3 53.
R1a2 Nc1 54. R2a4 Rc8 55. Ra8 Rxa8 56. Rxa8+ Kg7 57. Rc8 Nb3 1/2-1/2

[Event "Roquetas de Mar op 26th"]
[Site "Roquetas de Mar"]
[Date "2015.01.04"]
[Round "5"]
[White "Cuenca Jimenez, Jose Fernando"]
[Black "Svetushkin, Dmitry"]
[Result "1/2-1/2"]
[WhiteElo "2483"]
[BlackElo "2581"]
[PlyCount "118"]
[EventDate "2015.01.02"]
[EventType "swiss"]
[EventRounds "9"]
[EventCountry "ESP"]
[SourceTitle "CBM 164 Extra"]
[Source "ChessBase"]
[SourceDate "2015.03.02"]
[SourceVersion "1"]
[SourceVersionDate "2015.03.02"]
[SourceQuality "1"]

1. e4 c6 2. c4 d5 3. exd5 cxd5 4. cxd5 Nf6 5. Nc3 Nxd5 6. Nf3 e6 7. d4 Bb4 8.
Bd2 Nc6 9. Bb5 O-O 10. O-O Nce7 11. Bd3 Bd7 12. Ne5 Be8 13. Qg4 Ng6 14. Nxg6
hxg6 15. a3 Be7 16. Qf3 Nxc3 17. bxc3 Bc6 18. Be4 Rc8 19. Rfb1 Qd7 20. a4 Rfd8
21. a5 Bxe4 22. Qxe4 Rc6 23. Rb3 Qc8 24. g3 Rd7 25. h4 Bd8 26. Kg2 Rd5 27. Rab1
b6 28. axb6 Bxb6 29. Rb5 Qd7 30. Rxd5 Qxd5 31. Qxd5 exd5 32. Rb5 Rd6 33. Kf3 f6
34. Ke2 Kf7 35. Kd3 Ke6 36. Bc1 a6 37. Rb1 Kd7 38. Ba3 Rc6 39. Bf8 Ke6 40. Bxg7
Kf5 41. Bh6 Kg4 42. Be3 Kf3 43. Ra1 a5 44. Ra4 f5 45. c4 dxc4+ 46. Rxc4 Rd6 47.
Rc8 Rd7 48. Rc6 Rb7 49. Rxg6 a4 50. d5 Bxe3 51. fxe3 Ra7 52. Kc2 a3 53. Kb1
Kxe3 54. h5 f4 55. gxf4 Kxf4 56. h6 Rh7 57. Ka2 Kf5 58. Ra6 Ke5 59. d6 Rxh6
1/2-1/2

[Event "Roquetas de Mar op 26th"]
[Site "Roquetas de Mar"]
[Date "2015.01.05"]
[Round "7"]
[White "Arribas Lopez, Angel"]
[Black "Cuenca Jimenez, Jose Fernando"]
[Result "1/2-1/2"]
[WhiteElo "2537"]
[BlackElo "2483"]
[PlyCount "126"]
[EventDate "2015.01.02"]
[EventType "swiss"]
[EventRounds "9"]
[EventCountry "ESP"]
[SourceTitle "CBM 164 Extra"]
[Source "ChessBase"]
[SourceDate "2015.03.02"]
[SourceVersion "1"]
[SourceVersionDate "2015.03.02"]
[SourceQuality "1"]

1. e4 e5 2. Nf3 Nc6 3. d4 exd4 4. Nxd4 g6 5. Nc3 Bg7 6. Nde2 Nf6 7. g3 O-O 8.
Bg2 d6 9. h3 Rb8 10. f4 Bd7 11. g4 b5 12. Ng3 b4 13. Nce2 h6 14. Be3 Re8 15.
Qc1 Na5 16. Bxa7 Ra8 17. Bd4 Bc6 18. O-O Nxe4 19. Bxg7 Nxg3 20. Nxg3 Kxg7 21.
c3 Bxg2 22. Kxg2 bxc3 23. Qxc3+ Qf6 24. Qxf6+ Kxf6 25. Rac1 c5 26. Rfd1 Nb7 27.
a3 Re3 28. Re1 Rb3 29. Rc2 Ra4 30. Rf2 d5 31. f5 Nd6 32. fxg6+ Kxg6 33. Re5
Rxg3+ 34. Kxg3 Ne4+ 35. Kg2 Nxf2 36. Kxf2 Rd4 37. Ke2 f6 38. Re3 Ra4 39. Rf3
Kf7 40. Kd2 Ke6 41. Rf5 Rd4+ 42. Kc2 Rc4+ 43. Kd2 Rd4+ 44. Kc2 Rc4+ 45. Kd3
Rd4+ 46. Kc3 Rc4+ 47. Kd3 Rd4+ 48. Kc3 Rc4+ 49. Kb3 Rc1 50. Rf2 c4+ 51. Kb4 d4
52. a4 d3 53. a5 Rc2 54. Rf1 d2 55. Rd1 Rxb2+ 56. Kxc4 Ra2 57. Kb3 Rxa5 58.
Rxd2 h5 59. Re2+ Kf7 60. gxh5 Rxh5 61. Re3 f5 62. Kc3 Kf6 63. Kd2 f4 1/2-1/2

[Event "Roquetas de Mar op 26th"]
[Site "Roquetas de Mar"]
[Date "2015.01.06"]
[Round "8"]
[White "Cuenca Jimenez, Jose Fernando"]
[Black "Maiorov, Nikita"]
[Result "1/2-1/2"]
[WhiteElo "2483"]
[BlackElo "2596"]
[PlyCount "46"]
[EventDate "2015.01.02"]
[EventType "swiss"]
[EventRounds "9"]
[EventCountry "ESP"]
[SourceTitle "CBM 164 Extra"]
[Source "ChessBase"]
[SourceDate "2015.03.02"]
[SourceVersion "1"]
[SourceVersionDate "2015.03.02"]
[SourceQuality "1"]

1. e4 e5 2. Nf3 Nc6 3. Bb5 a6 4. Ba4 Nf6 5. O-O Be7 6. d3 d6 7. c3 O-O 8. Re1
Nd7 9. d4 Bf6 10. Bb3 Nb6 11. a4 a5 12. d5 Ne7 13. Be3 g6 14. Na3 Nd7 15. Nb5
Bg7 16. Bc2 b6 17. b4 f5 18. bxa5 Rxa5 19. c4 Nc5 20. Bd2 Ra6 21. a5 fxe4 22.
Ng5 bxa5 23. Nxe4 Nb7 1/2-1/2

[Event "Roquetas de Mar op 26th"]
[Site "Roquetas de Mar"]
[Date "2015.01.06"]
[Round "9"]
[White "Valdes Romero, Leonardo"]
[Black "Cuenca Jimenez, Jose Fernando"]
[Result "0-1"]
[WhiteElo "2402"]
[BlackElo "2483"]
[PlyCount "116"]
[EventDate "2015.01.02"]
[EventType "swiss"]
[EventRounds "9"]
[EventCountry "ESP"]
[SourceTitle "CBM 164 Extra"]
[Source "ChessBase"]
[SourceDate "2015.03.02"]
[SourceVersion "1"]
[SourceVersionDate "2015.03.02"]
[SourceQuality "1"]

1. Nf3 Nf6 2. c4 g6 3. g3 Bg7 4. Bg2 O-O 5. Nc3 d6 6. O-O Nc6 7. d3 e5 8. Rb1
Re8 9. Bg5 h6 10. Bxf6 Bxf6 11. b4 a6 12. a4 Bg7 13. b5 axb5 14. axb5 Ne7 15.
Qb3 Be6 16. Nd2 c6 17. Rfc1 d5 18. Qb4 Nf5 19. bxc6 bxc6 20. Qb6 Rc8 21. Qxd8
Rexd8 22. Na4 Bf8 23. e3 Rb8 24. Ra1 d4 25. e4 Ng7 26. Ra2 Ra8 27. Rca1 Rdb8
28. Bf3 Rb4 29. Bd1 Rab8 30. Ra3 Ne8 31. Nb3 Ra8 32. R3a2 Nf6 33. Bc2 Nxe4 34.
Nb2 Rxa2 35. Rxa2 Nc3 36. Ra6 Ne2+ 37. Kg2 Nc1 38. Nxc1 Rxb2 39. Ba4 Rb1 40.
Nb3 Bf5 41. Nd2 Ra1 42. Ra8 Bxd3 43. Bxc6 Rxa8 44. Bxa8 Bb4 45. Nf3 f6 46. Bd5+
Kg7 47. g4 Be2 48. c5 Bxc5 49. h3 d3 50. Bc4 e4 51. Nd2 f5 52. gxf5 gxf5 53.
Nf1 Bf3+ 54. Kg3 Bd6+ 55. Kh4 Bf4 56. Be6 Kf6 57. Bb3 d2 58. Ng3 Ke5 0-1

[Event "Granada Nazari IM 2nd"]
[Site "Granada"]
[Date "2015.03.26"]
[Round "1"]
[White "Martins, David Pires Tavares"]
[Black "Cuenca Jimenez, Jose Fernando"]
[Result "0-1"]
[WhiteElo "2293"]
[BlackElo "2502"]
[PlyCount "92"]
[EventDate "2015.03.26"]
[EventType "tourn"]
[EventRounds "9"]
[EventCountry "ESP"]
[EventCategory "2"]
[SourceTitle "CBM 165 Extra"]
[Source "ChessBase"]
[SourceDate "2015.04.21"]
[SourceVersion "1"]
[SourceVersionDate "2015.04.21"]
[SourceQuality "1"]

1. d4 Nf6 2. Bg5 d5 3. e3 c5 4. dxc5 Ne4 5. Bf4 Nc6 6. Nf3 f6 7. Be2 e5 8. Bg3
Bxc5 9. c3 Be6 10. O-O O-O 11. Nbd2 a5 12. Qc2 Nxg3 13. hxg3 Rc8 14. Qa4 Qb6
15. Qb5 Rfd8 16. Rfd1 Qxb5 17. Bxb5 Bg4 18. Re1 Kf7 19. Rac1 Be6 20. a3 g5 21.
Red1 h5 22. Be2 g4 23. Ne1 Kg7 24. Nd3 Be7 25. Re1 b5 26. Bd1 b4 27. axb4 axb4
28. Ba4 bxc3 29. Rxc3 Nb4 30. Nxb4 Bxb4 31. Rxc8 Rxc8 32. Rd1 Bf5 33. Nf1 Rd8
34. f3 d4 35. Kf2 Ra8 36. Bb3 Rb8 37. Bd5 Ba5 38. b3 Bc3 39. Bc4 Bc2 40. Rc1
Bf5 41. e4 Bd7 42. Ke2 Ra8 43. Rc2 Ra1 44. Nd2 h4 45. gxh4 g3 46. f4 Bg4+ 0-1

[Event "Granada Nazari IM 2nd"]
[Site "Granada"]
[Date "2015.03.27"]
[Round "2"]
[White "Kollars, Dmitrij"]
[Black "Cuenca Jimenez, Jose Fernando"]
[Result "1/2-1/2"]
[WhiteElo "2424"]
[BlackElo "2502"]
[PlyCount "85"]
[EventDate "2015.03.26"]
[EventType "tourn"]
[EventRounds "9"]
[EventCountry "ESP"]
[EventCategory "2"]
[SourceTitle "CBM 165 Extra"]
[Source "ChessBase"]
[SourceDate "2015.04.21"]
[SourceVersion "1"]
[SourceVersionDate "2015.04.21"]
[SourceQuality "1"]

1. e4 e5 2. Nf3 Nc6 3. d4 exd4 4. Nxd4 Bb4+ 5. c3 Bc5 6. Be3 Bb6 7. Qg4 Qf6 8.
Qf3 Qg6 9. Nd2 Nf6 10. Be2 O-O 11. Nxc6 bxc6 12. Bxb6 axb6 13. e5 Nd5 14. Bd3
Qh6 15. Ne4 Nf4 16. O-O Nxd3 17. Qxd3 Qf4 18. Qd4 c5 19. Qd5 c6 20. Qd3 Qxe5
21. Nd6 Ba6 22. c4 Qxb2 23. Rab1 Qd4 24. Qg3 b5 25. Rfd1 Qf6 26. Rb3 bxc4 27.
Rf3 Qb2 28. Nf5 g6 29. h4 d5 30. Nh6+ Kg7 31. Qf4 Ra7 32. Re1 Bc8 33. h5 Qd4
34. Qd6 c3 35. Rfe3 c2 36. Nf5+ Bxf5 37. h6+ Kxh6 38. Qxf8+ Qg7 39. Qxc5 Ra4
40. Qd6 Qd4 41. Qf8+ Qg7 42. Qd6 Qd4 43. Qf8+ 1/2-1/2

[Event "Granada Nazari IM 2nd"]
[Site "Granada"]
[Date "2015.03.27"]
[Round "3"]
[White "Cuenca Jimenez, Jose Fernando"]
[Black "Ninov, Nikolai"]
[Result "1/2-1/2"]
[WhiteElo "2502"]
[BlackElo "2438"]
[PlyCount "39"]
[EventDate "2015.03.26"]
[EventType "tourn"]
[EventRounds "9"]
[EventCountry "ESP"]
[EventCategory "2"]
[SourceTitle "CBM 165 Extra"]
[Source "ChessBase"]
[SourceDate "2015.04.21"]
[SourceVersion "1"]
[SourceVersionDate "2015.04.21"]
[SourceQuality "1"]

1. e4 c5 2. Nc3 Nc6 3. Bb5 Nd4 4. Nf3 e6 5. O-O a6 6. Bd3 Nc6 7. b3 g6 8. e5
Bg7 9. Re1 f5 10. Bf1 Nh6 11. d4 cxd4 12. Bxh6 Bxh6 13. Nxd4 Qa5 14. Na4 Nxe5
15. Bb5 Nc6 16. Nxc6 bxc6 17. Rxe6+ Kf7 18. Rd6 axb5 19. Rxd7+ Bxd7 20. Qxd7+
1/2-1/2

[Event "Granada Nazari IM 2nd"]
[Site "Granada"]
[Date "2015.03.28"]
[Round "4"]
[White "Cuenca Jimenez, Jose Fernando"]
[Black "Arroyo Rodriguez, Jesus"]
[Result "1-0"]
[WhiteElo "2502"]
[BlackElo "2046"]
[PlyCount "33"]
[EventDate "2015.03.26"]
[EventType "tourn"]
[EventRounds "9"]
[EventCountry "ESP"]
[EventCategory "2"]
[SourceTitle "CBM 165 Extra"]
[Source "ChessBase"]
[SourceDate "2015.04.21"]
[SourceVersion "1"]
[SourceVersionDate "2015.04.21"]
[SourceQuality "1"]

1. c4 c6 2. e4 d5 3. exd5 cxd5 4. cxd5 Nf6 5. Nc3 Nxd5 6. Nf3 Nc6 7. Bb5 g6 8.
Qb3 Nb6 9. Ne5 Be6 10. Nxc6 bxc6 11. Bxc6+ Nd7 12. Qa4 Rc8 13. d4 Bg7 14. d5
Bf5 15. g4 Bd3 16. Kd2 Rxc6 17. dxc6 1-0

[Event "Granada Nazari IM 2nd"]
[Site "Granada"]
[Date "2015.03.28"]
[Round "5"]
[White "Fernandez Siles, Luis"]
[Black "Cuenca Jimenez, Jose Fernando"]
[Result "0-1"]
[WhiteElo "2276"]
[BlackElo "2502"]
[PlyCount "112"]
[EventDate "2015.03.26"]
[EventType "tourn"]
[EventRounds "9"]
[EventCountry "ESP"]
[EventCategory "2"]
[SourceTitle "CBM 165 Extra"]
[Source "ChessBase"]
[SourceDate "2015.04.21"]
[SourceVersion "1"]
[SourceVersionDate "2015.04.21"]
[SourceQuality "1"]

1. e4 e5 2. Nf3 Nc6 3. Bb5 Nf6 4. d3 d6 5. c3 g6 6. O-O Bg7 7. Bg5 h6 8. Bh4
O-O 9. Re1 Bd7 10. Nbd2 Qe8 11. Ba4 Nh5 12. Bb3 Kh8 13. Nf1 f5 14. exf5 gxf5
15. d4 e4 16. d5 Qg6 17. dxc6 exf3 18. Qxf3 Bxc6 19. Bd5 Bxd5 20. Qxd5 Qg4 21.
Bg3 f4 22. f3 Qg6 23. Bf2 Rf5 24. Qd3 Rg8 25. Re2 Nf6 26. Rae1 Nd7 27. Bd4 Be5
28. b4 Bxd4+ 29. cxd4 Nf6 30. Qc2 Rg5 31. Qxg6 R5xg6 32. g4 fxg3 33. hxg3 Nh5
34. g4 Nf4 35. Re4 Nd5 36. Ne3 Nxe3 37. R1xe3 h5 38. Kf2 R8g7 39. Kg3 Rg5 40.
Re8+ Kh7 41. R3e7 hxg4 42. Rxg7+ Kxg7 43. fxg4 Kf6 44. Kf4 Rb5 45. a3 a5 46.
bxa5 Rxa5 47. Rc8 c6 48. Rc7 Ra4 49. g5+ Kg6 50. Ke4 c5 51. Rxb7 Rxd4+ 52. Ke3
Kxg5 53. Rb3 Kf5 54. Rd3 Rxd3+ 55. Kxd3 Ke6 56. Kc4 Kd7 0-1

[Event "Granada Nazari IM 2nd"]
[Site "Granada"]
[Date "2015.03.29"]
[Round "6"]
[White "Cuenca Jimenez, Jose Fernando"]
[Black "Ladron de Guevara Pinto, Paolo"]
[Result "1-0"]
[WhiteElo "2502"]
[BlackElo "2316"]
[PlyCount "102"]
[EventDate "2015.03.26"]
[EventType "tourn"]
[EventRounds "9"]
[EventCountry "ESP"]
[EventCategory "2"]
[SourceTitle "CBM 165 Extra"]
[Source "ChessBase"]
[SourceDate "2015.04.21"]
[SourceVersion "1"]
[SourceVersionDate "2015.04.21"]
[SourceQuality "1"]

1. c4 d6 2. Nc3 g6 3. d4 Bg7 4. e4 Nf6 5. Nf3 c5 6. Be2 O-O 7. O-O cxd4 8. Nxd4
Nc6 9. Be3 Bd7 10. Nc2 Rc8 11. f3 Ne5 12. Na3 a6 13. Qd2 Be6 14. Nd5 Bxd5 15.
exd5 Ned7 16. Rac1 Ne8 17. b3 e5 18. dxe6 fxe6 19. f4 Qe7 20. Bf3 Ndf6 21. Qb4
Rf7 22. Rce1 Bf8 23. Bc1 Qd7 24. Qd2 Ng7 25. Nc2 b5 26. Ne3 Nf5 27. Bb2 bxc4
28. Nxc4 d5 29. Bxf6 Rxf6 30. Ne5 Bc5+ 31. Kh1 Qd6 32. Ng4 Rf7 33. Qe2 Re7 34.
Rc1 Rec7 35. g3 Bd4 36. Rxc7 Rxc7 37. Qd2 Qc5 38. b4 Qc2 39. Qe1 Kf7 40. Ne5+
Ke7 41. Qe2 Ne3 42. Re1 Qc3 43. Ng4 Nxg4 44. Qxe6+ Kf8 45. Bxg4 Qxb4 46. Bf3
Re7 47. Qc8+ Kg7 48. Rxe7+ Qxe7 49. Kg2 a5 50. Qa8 Qc7 51. Qxd5 Bf6 1-0

[Event "Granada Nazari IM 2nd"]
[Site "Granada"]
[Date "2015.03.30"]
[Round "7"]
[White "Cuenca Jimenez, Jose Fernando"]
[Black "Fernandez de Bobadilla, Gabriel"]
[Result "1-0"]
[WhiteElo "2502"]
[BlackElo "2167"]
[PlyCount "117"]
[EventDate "2015.03.26"]
[EventType "tourn"]
[EventRounds "9"]
[EventCountry "ESP"]
[EventCategory "2"]
[SourceTitle "CBM 165 Extra"]
[Source "ChessBase"]
[SourceDate "2015.04.21"]
[SourceVersion "1"]
[SourceVersionDate "2015.04.21"]
[SourceQuality "1"]

1. Nf3 c5 2. e4 e6 3. g3 Nc6 4. Bg2 Nf6 5. Qe2 d5 6. exd5 Nxd5 7. O-O Be7 8.
Rd1 Bf6 9. d3 O-O 10. Nbd2 b6 11. Ne4 Bb7 12. Nxf6+ Qxf6 13. c3 e5 14. Ng5 Nde7
15. Be4 g6 16. Bg2 Nf5 17. a3 a5 18. a4 Qe7 19. Qc2 h6 20. Ne4 Kg7 21. Re1 Rad8
22. Nd2 Qc7 23. Nc4 Nd6 24. Nxe5 Nxe5 25. Rxe5 Bxg2 26. Kxg2 Nf5 27. Bf4 Qc6+
28. f3 f6 29. Re2 g5 30. d4 Qd5 31. Be3 Rfe8 32. Bg1 cxd4 33. cxd4 Rxe2+ 34.
Qxe2 Nxd4 35. Qe7+ Kg6 36. Qe4+ Qxe4 37. fxe4 Nb3 38. Rf1 Rd2+ 39. Rf2 Rd4 40.
Re2 Rxa4 41. Bxb6 Rb4 42. Bd8 Rb8 43. Bc7 Rb7 44. Bd6 Rd7 45. e5 fxe5 46. Bxe5
h5 47. Bc3 Rd5 48. h3 Kf5 49. Re8 Rb5 50. Kf3 g4+ 51. hxg4+ hxg4+ 52. Ke3 Rd5
53. Rf8+ Kg5 54. Ke4 Rc5 55. Rg8+ Kh5 56. Be5 a4 57. Kf4 Rb5 58. Rg5+ Kh6 59.
Bg7+ 1-0

[Event "Granada Nazari IM 2nd"]
[Site "Granada"]
[Date "2015.03.30"]
[Round "8"]
[White "Cuenca Jimenez, Jose Fernando"]
[Black "Rasmussen, Karsten"]
[Result "0-1"]
[WhiteElo "2502"]
[BlackElo "2423"]
[PlyCount "86"]
[EventDate "2015.03.26"]
[EventType "tourn"]
[EventRounds "9"]
[EventCountry "ESP"]
[EventCategory "2"]
[SourceTitle "CBM 165 Extra"]
[Source "ChessBase"]
[SourceDate "2015.04.21"]
[SourceVersion "1"]
[SourceVersionDate "2015.04.21"]
[SourceQuality "1"]

1. e4 c6 2. d4 d5 3. e5 Bf5 4. Nf3 e6 5. Be2 Nd7 6. O-O Ne7 7. Nbd2 Nc8 8. a4
Be7 9. a5 a6 10. c4 dxc4 11. Nxc4 O-O 12. Ne3 Bg6 13. Bd3 Na7 14. Bxg6 hxg6 15.
Qd3 Nb5 16. Qe4 Re8 17. Bd2 Nf8 18. h4 c5 19. dxc5 Bxc5 20. Rfd1 Qe7 21. Ng4
Nh7 22. Bg5 Nxg5 23. hxg5 Red8 24. Nf6+ gxf6 25. gxf6 Rxd1+ 26. Rxd1 Qc7 27.
Qh4 Rd8 28. Rf1 Rd4 29. Nxd4 Nxd4 30. b4 Nf5 31. Qf4 Bd4 32. Rc1 Qxe5 33. Qxe5
Bxe5 34. g4 Nd6 35. g5 Kf8 36. Kg2 Ke8 37. Kf3 Kd7 38. Ke3 Nb5 39. Rc4 Bd6 40.
Rh4 e5 41. Kd3 Nd4 42. Kc4 Nf3 43. Re4 Ke6 0-1

[Event "Granada Nazari IM 2nd"]
[Site "Granada"]
[Date "2015.03.31"]
[Round "9"]
[White "Fernandez de Bobadilla, Jaime"]
[Black "Cuenca Jimenez, Jose Fernando"]
[Result "0-1"]
[WhiteElo "2106"]
[BlackElo "2502"]
[PlyCount "36"]
[EventDate "2015.03.26"]
[EventType "tourn"]
[EventRounds "9"]
[EventCountry "ESP"]
[EventCategory "2"]
[SourceTitle "CBM 165 Extra"]
[Source "ChessBase"]
[SourceDate "2015.04.21"]
[SourceVersion "1"]
[SourceVersionDate "2015.04.21"]
[SourceQuality "1"]

1. e4 e5 2. Nf3 Nc6 3. d4 exd4 4. Nxd4 Bb4+ 5. c3 Bc5 6. Nxc6 bxc6 7. Bd3 Qh4
8. Qf3 Nf6 9. Bf4 O-O 10. Bg3 Qg5 11. O-O Bb6 12. Bf4 Qg4 13. Qxg4 Nxg4 14. h3
Nf6 15. Nd2 d5 16. Rfe1 Be6 17. Bc2 Rad8 18. a4 a5 0-1

[Event "Hamburg St Pauli op-A"]
[Site "Hamburg"]
[Date "2015.07.18"]
[Round "1"]
[White "Kneip, Jakob"]
[Black "Cuenca Jimenez, Jose Fernando"]
[Result "0-1"]
[WhiteElo "2049"]
[BlackElo "2510"]
[PlyCount "64"]
[EventDate "2015.07.18"]
[EventType "swiss"]
[EventRounds "9"]
[EventCountry "GER"]
[SourceTitle "EXT 2016"]
[Source "ChessBase"]
[SourceDate "2015.10.08"]
[SourceVersion "1"]
[SourceVersionDate "2015.10.08"]
[SourceQuality "1"]

1. d4 Nf6 2. c4 g6 3. Nc3 Bg7 4. e4 d6 5. f3 O-O 6. Be3 c5 7. Nge2 Nc6 8. d5
Ne5 9. Ng3 e6 10. Be2 exd5 11. cxd5 h5 12. O-O a6 13. a4 Nh7 14. Qd2 h4 15. Nh1
f5 16. Nf2 Bd7 17. Rfe1 Qa5 18. Bg5 Nxg5 19. Qxg5 Qd8 20. Qxd8 Raxd8 21. a5 Bh6
22. Reb1 Be3 23. f4 Bxf4 24. b4 c4 25. b5 Be3 26. bxa6 bxa6 27. Rb7 Bd4 28. Rc1
Ng4 29. Ncd1 Nxf2 30. Nxf2 fxe4 31. Rxc4 Bxf2+ 32. Kh1 Rb8 0-1

[Event "Hamburg St Pauli op-A"]
[Site "Hamburg"]
[Date "2015.07.19"]
[Round "2"]
[White "Cuenca Jimenez, Jose Fernando"]
[Black "Uksini, Bardhyl"]
[Result "1-0"]
[WhiteElo "2510"]
[BlackElo "2181"]
[PlyCount "47"]
[EventDate "2015.07.18"]
[EventType "swiss"]
[EventRounds "9"]
[EventCountry "GER"]
[SourceTitle "EXT 2016"]
[Source "ChessBase"]
[SourceDate "2015.10.08"]
[SourceVersion "1"]
[SourceVersionDate "2015.10.08"]
[SourceQuality "1"]

1. Nf3 Nf6 2. c4 b6 3. g3 Bb7 4. Bg2 g6 5. O-O Bg7 6. d4 O-O 7. d5 Na6 8. Nc3
Nc5 9. Nd4 e5 10. Nb3 d6 11. Nxc5 bxc5 12. a3 a5 13. Rb1 Ba6 14. b3 Nd7 15. Bd2
Nb6 16. a4 f5 17. e4 f4 18. f3 Bb7 19. Bh3 Bc8 20. Bxc8 Rxc8 21. Nb5 Qe7 22.
Bc3 Rf6 23. Qd2 c6 24. dxc6 1-0

[Event "Hamburg St Pauli op-A"]
[Site "Hamburg"]
[Date "2015.07.19"]
[Round "3"]
[White "Djordjevic, Vuk D"]
[Black "Cuenca Jimenez, Jose Fernando"]
[Result "0-1"]
[WhiteElo "2287"]
[BlackElo "2510"]
[PlyCount "100"]
[EventDate "2015.07.18"]
[EventType "swiss"]
[EventRounds "9"]
[EventCountry "GER"]
[SourceTitle "EXT 2016"]
[Source "ChessBase"]
[SourceDate "2015.10.08"]
[SourceVersion "1"]
[SourceVersionDate "2015.10.08"]
[SourceQuality "1"]

1. e4 e5 2. Nf3 Nc6 3. d4 exd4 4. Nxd4 Bb4+ 5. c3 Bc5 6. Be3 Bb6 7. Nf5 Bxe3 8.
Nxe3 Nf6 9. Qc2 O-O 10. Nd2 d5 11. O-O-O Be6 12. exd5 Nxd5 13. Ndc4 Qg5 14. Kb1
Rad8 15. Bd3 Nf6 16. Nd2 h6 17. Nf3 Qa5 18. Bc4 Bxc4 19. Nxc4 Qc5 20. Ne3 a5
21. Rxd8 Rxd8 22. Re1 g6 23. Rd1 Rxd1+ 24. Qxd1 b5 25. Nd4 Nxd4 26. Qxd4 Qxd4
27. cxd4 Kf8 28. Kc2 Ke7 29. Kd3 Kd6 30. g3 h5 31. h3 c6 32. b3 Ke6 33. a3 Kd6
34. f3 Ke6 35. Nd1 h4 36. gxh4 Nh5 37. Ke3 Ng3 38. h5 Nxh5 39. Nf2 Nf6 40. Ng4
Nd5+ 41. Kd2 f6 42. Nf2 Nf4 43. Ne4 Nxh3 44. d5+ Kxd5 45. Nxf6+ Kd4 46. Nd7 Ng1
47. f4 Nf3+ 48. Kc2 Ke4 49. Nb8 Nd4+ 50. Kc3 Kd5 0-1

[Event "Hamburg St Pauli op-A"]
[Site "Hamburg"]
[Date "2015.07.20"]
[Round "4"]
[White "Cuenca Jimenez, Jose Fernando"]
[Black "Souleidis, Georgios"]
[Result "1-0"]
[WhiteElo "2510"]
[BlackElo "2405"]
[PlyCount "111"]
[EventDate "2015.07.18"]
[EventType "swiss"]
[EventRounds "9"]
[EventCountry "GER"]
[SourceTitle "EXT 2016"]
[Source "ChessBase"]
[SourceDate "2015.10.08"]
[SourceVersion "1"]
[SourceVersionDate "2015.10.08"]
[SourceQuality "1"]

1. e4 Nf6 2. e5 Nd5 3. d4 d6 4. c4 Nb6 5. exd6 cxd6 6. Nc3 g6 7. h3 Bg7 8. Nf3
O-O 9. Be2 Nc6 10. O-O Bf5 11. Re1 Rc8 12. Be3 d5 13. c5 Nc4 14. Bxc4 dxc4 15.
Qa4 Bd3 16. Rad1 Qa5 17. Qxa5 Nxa5 18. Bf4 Nc6 19. d5 Nb4 20. Ne5 Rfd8 21. d6
exd6 22. cxd6 Rxd6 23. Nxf7 Rd7 24. Nh6+ Kh8 25. Re6 Rf8 26. Be5 Nc6 27. Bxg7+
Kxg7 28. Ng4 Rfd8 29. Ne5 Nxe5 30. Rxe5 a6 31. a4 Rf8 32. f3 Rdf7 33. Rde1 Rf5
34. Kf2 Rxe5 35. Rxe5 Rf7 36. g4 Rc7 37. Ke3 Rd7 38. h4 Kf7 39. Kf4 h6 40. a5
Rd4+ 41. Ke3 Rd6 42. Nd5 Bc2 43. Kd4 Bd1 44. Re7+ Kf8 45. Re3 Bb3 46. Ke5 Rc6
47. Kd4 Rd6 48. Re5 Bd1 49. Ke3 Kf7 50. Kf4 Rd7 51. h5 g5+ 52. Ke3 Rd6 53. Kd4
Kg7 54. Re3 Kf7 55. Kxc4 Bb3+ 56. Rxb3 1-0

[Event "Hamburg St Pauli op-A"]
[Site "Hamburg"]
[Date "2015.07.21"]
[Round "5"]
[White "Cuenca Jimenez, Jose Fernando"]
[Black "Huschenbeth, Niclas"]
[Result "1/2-1/2"]
[WhiteElo "2510"]
[BlackElo "2535"]
[PlyCount "84"]
[EventDate "2015.07.18"]
[EventType "swiss"]
[EventRounds "9"]
[EventCountry "GER"]
[SourceTitle "EXT 2016"]
[Source "ChessBase"]
[SourceDate "2015.10.08"]
[SourceVersion "1"]
[SourceVersionDate "2015.10.08"]
[SourceQuality "1"]

1. e4 e6 2. d4 d5 3. Nc3 Nf6 4. e5 Nfd7 5. f4 c5 6. Nf3 Nc6 7. Be3 a6 8. Qd2
Be7 9. Be2 O-O 10. O-O b5 11. Nd1 b4 12. Nf2 a5 13. Kh1 Qb6 14. dxc5 Bxc5 15.
Bxc5 Nxc5 16. Qe3 Bb7 17. Bd3 h6 18. Ng4 d4 19. Qf2 Nxd3 20. cxd3 Ne7 21. Nxd4
Rfd8 22. Nb3 Qxf2 23. Nxf2 Ng6 24. Nc5 Bc6 25. Nfe4 Bxe4 26. Nxe4 Rxd3 27. g3
Rad8 28. Kg1 R8d5 29. Rac1 Ne7 30. Nd6 Rd2 31. Nc4 Re2 32. Rf2 Rxf2 33. Kxf2 g5
34. Rc2 gxf4 35. gxf4 a4 36. Rd2 Rc5 37. b3 Nd5 38. Kf3 a3 39. Rc2 Nc3 40. Ne3
Rb5 41. Rd2 Rb8 42. Nc4 Nd5 1/2-1/2